000 00370nam a22001217a 4500
082 _a220 PRO
100 _aGC Muhammad Bilal Ahmed GC Zeeshan Mehmood
_971720
245 _aPR-SOF-1664-MOBILE PHONE DETECTOR
260 _aISLAMABAD
_bNUST COLLEGE OF EME
_c2017
650 _aDE-ELECT-35
_970874
700 _aSUPERVISOR LT COL DR. RAEES AHMED SIDDIQUI
_971721
942 _cCR
999 _c578089
_d578089